000 00407nam a22001697a 4500
003 MPLRDC
005 20220104124225.0
008 210129b ||||| |||| 00| 0 eng d
082 _a874.6 THO
100 _aHENRY DAVID THOREAU
245 _a湖滨散记
_c
260 _a台湾
_b钟文出版社
_c
300 _b243
490 _a世界文学名著
650 _a美国文学
942 _cBK
_o874.6 THO
999 _c17614
_d17604